书目信息 |
| 题名: |
Adobe创意大学InDesign CS5版式设计师标准实训教材
|
|
| 作者: | 肖红力 , 张宝飞 , 赵一兵 编著 | |
| 分册: | ||
| 出版信息: | 北京 印刷工业出版社 2012 |
|
| 页数: | 236页 | |
| 开本: | 26cm | |
| 丛书名: | ||
| 单 册: | ||
| 中图分类: | TS803.23 | |
| 科图分类: | ||
| 主题词: | 电子排版--教材--应用软件 | |
| 电子资源: | ||
| ISBN: | 978-7-5142-0417-9 | |
| 000 | 00983nam0 2200265 450 | |
| 001 | 3423 | |
| 005 | 20160926090755.87 | |
| 010 | @a978-7-5142-0417-9@b平装@dCNY55.00 | |
| 100 | @a20120620d2012 em y0chiy50 ea | |
| 101 | 0 | @achi |
| 102 | @aCN@b110000 | |
| 105 | @aa z 000yy | |
| 200 | 1 | @aAdobe创意大学InDesign CS5版式设计师标准实训教材@9Adobe chuang yi da xue InDesign CS5 ban shi she ji shi biao zhun shi xun jiao cai@f肖红力,张宝飞,赵一兵编著 |
| 210 | @a北京@c印刷工业出版社@d2012 | |
| 215 | @a236页@c图@d26cm | |
| 300 | @aAdobe创意大学指定教材 面向“十二五”数字艺术设计规划教材 | |
| 330 | @a本书分为10个模块,每个模块的结构分为模拟制作任务、知识点拓展和独立实践任务三部分。 | |
| 606 | 0 | @a电子排版@j教材@x应用软件 |
| 610 | 0 | @aInDesign |
| 690 | @aTS803.23@v5 | |
| 701 | 0 | @a肖红力@9xiao hong li@4编著 |
| 701 | 0 | @a张宝飞@9zhang bao fei@4编著 |
| 701 | 0 | @a赵一兵@9zhao yi bing@4编著 |
| 801 | 0 | @aCN@b唐山师范学院图书馆@c20151001 |
| 905 | @aZUCC@dTS803.23@e65 | |
| Adobe创意大学InDesign CS5版式设计师标准实训教材/肖红力,张宝飞,赵一兵编著.-北京:印刷工业出版社,2012 |
| 236页:图;26cm |
| Adobe创意大学指定教材 面向“十二五”数字艺术设计规划教材 |
| ISBN 978-7-5142-0417-9(平装):CNY55.00 |
| 本书分为10个模块,每个模块的结构分为模拟制作任务、知识点拓展和独立实践任务三部分。 |
| ● |
| 相关链接 |
|
|
|
|
正题名:Adobe创意大学InDesign CS5版式设计师标准实训教材
索取号:TS803.23/65
 
预约/预借
| 序号 | 登录号 | 条形码 | 馆藏地/架位号 | 状态 | 备注 |
| 1 | 905176 | 209051764 | 第二样本阅览室/ [索取号:TS803.23/65] | 在馆 | |
| 2 | 905177 | 209051773 | 第三借阅区/ [索取号:TS803.23/65] | 在馆 | |
| 3 | 905178 | 209051782 | 第三借阅区/ [索取号:TS803.23/65] | 在馆 |